Normal view
MARC view
Entry Personal Name
001 - CONTROL NUMBER
- control field: 24140
003 - CONTROL NUMBER IDENTIFIER
- control field: ARRUPE
005 - DATE AND TIME OF LATEST TRANSACTION
- control field: 20160427122819.0
008 - FIXED-LENGTH DATA ELEMENTS
- fixed length control field: 160427|| aca||aabn | a|a d
040 ## - CATALOGING SOURCE
- Original cataloging agency: ARRUPE
- Transcribing agency: ARRUPE
100 ## - HEADING--PERSONAL NAME
- Personal name: Mungoshi Charles
- Titles and other words associated with a name: Waiting for the rain
670 ## - SOURCE DATA FOUND
- Source citation: Work cat.: (ARRUPE): Runyowa, Genius 24139, Literature study notes